Trenažér

Bibliographic Details
Main Author: Hollá, Alžbeta, 1990- (Author)
Format: Article
Language:Slovak
ISSN:1210-2210
Subjects:

MARC

LEADER 00000nab a2200000 a 4500
001 vtls010062042
003 SK-MaSNL
005 20260304155511.0
008 250507c2009 xo |r|p|||||||000 b|slo
015 |a SNBRB2010/02  |2 snkbucl 
035 |a (uuid)ae4067f6-73fc-4092-a993-893eedb7729e 
035 |a urn:nbn:sk:snk-abc5mp 
035 |a (urnnbn)urn:nbn:sk:snk:ar-003tdw 
038 |a SNKBUCL 
040 |a SNKBUCL  |b slo  |c SNKBUCL  |e AACR2 
041 0 |a slo 
044 |a xo  |c SK 
080 |a 821.162.4-32  |2 2001 
100 1 |a Hollá, Alžbeta,  |d 1990-  |4 aut  |9 132039 
245 1 0 |a Trenažér  |c Alžbeta Hollá 
650 0 7 |a slovenské poviedky  |2 snkbucl  |9 111049 
773 0 |t Dotyky  |g Roč. XXI, č. 3 (2009)  |g S. 77-78  |x 1210-2210 
773 0 |t Almanach 25  |g Roč. XXI, č. 3 (2009)  |g S. 77-78  |x 1210-2210 
850 |a Slovenská národná knižnica 
852 |a Slovenská národná knižnica 
958 |a article15 
958 |a OND 
958 |a LX 
958 |a SK 
958 |a EUIPO 
999 |c 2962713  |d 2964643